Rusko-slovenský a slovensko-ruský vreckový slovník

Enregistré dans:
Détails bibliographiques
Format: Livre
Langue:slovaque
Publié: Bratislava : Slovenské pedagogické nakladateľstvo, 1972
Tags: Ajouter un tag
Pas de tags, Soyez le premier à ajouter un tag!

MARC

LEADER 00000nam a22000003a 4500
001 stu188195
005 20150408174819.4
008 090806s1972----cs------------------slo-d
040 |a STU  |b slo 
041 0 |a slo 
044 |a cs 
080 |a 82=854/038/854=82 
245 |a Rusko-slovenský a slovensko-ruský vreckový slovník 
260 |a Bratislava :  |b Slovenské pedagogické nakladateľstvo,  |c 1972 
300 |a 815 s 
996 |b E30371  |c E*30371  |l EE11  |s P  |a 0  |w stu188195_0001